000 00519nam a2200193Ia 4500
005 20250508161627.0
008 008 250505s9999 xx 000 0 eng d
037 _aTextual
040 _aFEDL
_beng
_cFEDL
041 _aeng
_2eng
084 _a530, BEI
_qFEDL
100 _aBeiser Arthur
245 0 _aIntroduction to physics and chemistry
250 _a2nd
260 _aNew York, USA
_bMcGraw-Hill Book Company
_c1964
300 _a696p.
942 _cTEXL
_h530, BEI
999 _c1371204
_d1371204